000 00602nam a2200229Ia 4500
003 OSt
005 20221006164454.0
006 a|||||r|||| 00| 0
007 ta
008 221006b |||||||| |||| 00| 0 hin d
024 _a5,030
037 _cTextual
040 _aFML
_cFML
_bhin
041 _2hin
_ahin
082 _aO152, 1J34, 2:g, K5
100 _aDas Tulsi Au.
_9677570
245 0 _aVinay Patrika
260 _aVAranasi
_bPustak Sadan India
_c1965
300 _a400
_ccm.
942 _hO152, 1J34, 2:g, K5
_cTEXL
_2CC
999 _c1117387
_d1117387